Trauma-informed sentencing of adults who are life-course persistent offenders
Justice agencies are beginning to use trauma-informed practices when responding to young people who offend. But, for young people who continue to offend beyond childhood into adulthood, how might sentencing judges recognise unresolved and intergenerational trauma, and respond in a way that will prom...
| 1. VerfasserIn: | |
|---|---|
| Medienart: | Druck Aufsatz |
| Sprache: | Englisch |
| Veröffentlicht: |
2024
|
| In: |
Frontiers in developmental and life-course criminology
Jahr: 2024, Seiten: 115-124 |
| Verfügbarkeit prüfen: | HBZ Gateway |
MARC
| LEADER | 00000naa a2200000 c 4500 | ||
|---|---|---|---|
| 001 | 1925424812 | ||
| 003 | DE-627 | ||
| 005 | 20250512154722.0 | ||
| 007 | tu | ||
| 008 | 250512s2024 xx ||||| 00| ||eng c | ||
| 020 | |a 9781032279381 | ||
| 035 | |a (DE-627)1925424812 | ||
| 035 | |a (DE-599)KXP1925424812 | ||
| 040 | |a DE-627 |b ger |c DE-627 |e rda | ||
| 041 | |a eng | ||
| 084 | |a 2,1 |2 ssgn | ||
| 100 | 1 | |a McLachlan, Katherine J. |e VerfasserIn |0 (DE-588)134937492X |0 (DE-627)1909526185 |4 aut | |
| 109 | |a McLachlan, Katherine J. | ||
| 245 | 1 | 0 | |a Trauma-informed sentencing of adults who are life-course persistent offenders |c Katherine McLachlan |
| 264 | 1 | |c 2024 | |
| 336 | |a Text |b txt |2 rdacontent | ||
| 337 | |a ohne Hilfsmittel zu benutzen |b n |2 rdamedia | ||
| 338 | |a Band |b nc |2 rdacarrier | ||
| 500 | |a Literaturverzeichnis: Seite 122-124 | ||
| 520 | |a Justice agencies are beginning to use trauma-informed practices when responding to young people who offend. But, for young people who continue to offend beyond childhood into adulthood, how might sentencing judges recognise unresolved and intergenerational trauma, and respond in a way that will promote desistance? Recent research undertaken in South Australia with adult defendants has identified opportunities for judges to use trauma-informed sentencing practices to respond to life-course persistent offenders more effectively. Given judges are bound by case law precedent and legislation, this chapter explores four opportunities to encourage judges to give greater regard to traumatic impacts of adverse childhood experiences when sentencing life-course persistent offenders in the hope they will desist from criminality. The findings are highly transferable, given the parallels in the sentencing calculus across countries that have a Westminster system of law. | ||
| 773 | 0 | 8 | |i Enthalten in |t Frontiers in developmental and life-course criminology |d London : Routledge, 2024 |g (2024), Seite 115-124 |h xvii, 173 Seiten |w (DE-627)1854100882 |z 9781032279275 |z 9781032279381 |7 nnam |
| 773 | 1 | 8 | |g year:2024 |g pages:115-124 |
| 776 | 1 | |o 10.4324/9781003294740-11 | |
| 951 | |a AR | ||
| ELC | |b 1 | ||
| LOK | |0 000 xxxxxcx a22 zn 4500 | ||
| LOK | |0 001 4723689680 | ||
| LOK | |0 003 DE-627 | ||
| LOK | |0 004 1925424812 | ||
| LOK | |0 005 20250512154722 | ||
| LOK | |0 008 250512||||||||||||||||ger||||||| | ||
| LOK | |0 040 |a DE-2619 |c DE-627 |d DE-2619 | ||
| LOK | |0 092 |o n | ||
| LOK | |0 852 |a DE-2619 | ||
| LOK | |0 852 1 |9 00 | ||
| LOK | |0 939 |a 12-05-25 |b l01 | ||
| ORI | |a SA-MARC-krimdoka001.raw | ||
